| 000 | 00738nam a2200181 a 4500 | ||
|---|---|---|---|
| 001 | 000041481 | ||
| 005 | 20201002034928.0 | ||
| 008 | 131007s1994 sp a 000 0 spa d | ||
| 020 | _a8488044089 | ||
| 040 |
_aDO-SdBNP _bspa _cBNPHU |
||
| 082 |
_axxx _bxxx |
||
| 100 | 1 |
_aPastor Rey de Viñas, Paloma _968170 |
|
| 245 | 1 | 0 |
_aHistoria de la Real fabrica de cristales de San Ildefonso durante la epoca de la ilustración : _b(1727-1810) / _cPaloma Pastor Rey de Viñas; prólogo, Eliseo de Pablos. |
| 260 |
_a[Madrid] : _bFundación Centro Nacional del Vidrio _bConsejo Superior de Investigaciones Científicas, _c1994. |
||
| 300 |
_a847 p. : _bil. ; _c29 cm. |
||
| 504 | _aBibliografía p: 817-847 | ||
| 700 | 1 |
_aPablos, Eliseo de _eprol. _968171 |
|
| 999 |
_c40971 _d40971 |
||